000
00269nam a22001337a 4500
003
SGT
082
_a
610
_b
S20T
100
_a
TJOMSLAND, NINA
245
_a
SAVING MORE LIVES- TOGETHER
260
_b
LAERDAL
_c
2020
300
_a
123
650
_a
OTHER
942
_2
ddc
_c
BK
999
_c
19635
_d
19635